| 000 | 00400nam a2200133Ia 4500 | ||
|---|---|---|---|
| 008 | 181126s9999 xx 000 0 und d | ||
| 020 | _a9789710093564 | ||
| 100 | _aZacharias, Ravi | ||
| 245 |
_cRavi Zacharias _aThe Lamb and the fuhrer/ |
||
| 260 |
_aManila : _bOMF Literature _c2014 |
||
| 300 |
_aunpaged : _bcol. illustration ; _c26 cm. |
||
| 650 | _aHitler, Adolf,1889-1945 | ||
| 650 | _aJesus Christ | ||
| 999 |
_c359490 _d359490 |
||